000 00625nam a2200217 i 4500
001 bg
100 1 _aPIŚLEWSKA, Genowefa
245 1 0 _aElementy fizyki dla studentów towaroznawstwa /
_cGenowefa Piślewska ; Akademia Ekonomiczna w Poznaniu.
260 _aPoznań :
_bWydaw. AE,
_c1997.
300 _a229 s. :
_brys., wykr. ;
_c24 cm.
650 9 _aFizyka
655 _aPodręczniki akademickie
710 0 _aAkademia Ekonomiczna (Poznań)
020 _a8387152099
040 _cBPK
041 0 _apl
080 _a53(075.8)
920 _a83-87152-09-9
942 _cKS
008 s pl f |000 0 pol
999 _c33790
_d33790
856 _uhttp://koha.tu.koszalin.pl/cgi-bin/koha/opac-detail.pl?biblionumber=33790
_yKatalog online BPK